000
00333 a2200121 4500
001
ART_12979
005
20260410161734.0
008
260409a
245
1
0
_a
Recaudar más
100
1
_a
Llanos, Eduardo
700
1
_a
Tomá, Pascual R.
773
0
_t
Ejecutivos de finanzas
_g
- Año 8, Nº 75 (may. 1991)
_w
REV2863
999
_c
18167
_d
18167